Natural language and the computer /
Guardado en:
| Otros Autores: | |
|---|---|
| Formato: | Libro |
| Idioma: | English |
| Publicado: |
New York :
McGraw-Hill,
c1963.
|
| Series: | University of California engineering and sciences extension series
|
| Etiquetas: |
Agregar Etiqueta
Sin Etiquetas, Sea el primero en etiquetar este registro!
|
| LEADER | 00766cam a22001815 4500 | ||
|---|---|---|---|
| 001 | MAT.inmabb001793 | ||
| 008 | 720107s1963####nyua#####b####001#0#eng#d | ||
| 005 | 20170522173743.0 | ||
| 245 | 1 | 0 | |a Natural language and the computer / |c edited by Paul L. Garvin. |
| 260 | |a New York : |b McGraw-Hill, |c c1963. | ||
| 300 | |a xi, 398 p. : |b il., diagrs. ; |c 24 cm. | ||
| 440 | 0 | |a University of California engineering and sciences extension series | |
| 504 | |a Bibliografía: p. 374-379. | ||
| 500 | |a "[Based on] a lecture series in the Engineering and Physical Sciences Extension Division of the University of California, Los Angeles ... 1960-1961"--Preface. | ||
| 700 | 1 | |a Garvin, Paul L. |4 edt | |
| 084 | |a 68-XX |2 msc2000 | ||
| 010 | |a 63019307 | ||
| 859 | |h 68 |i N285 |p A-3163 |b BIB. MATEMATICA | ||
